[Event "GER-chT U14"]
[Site "Regensburg"]
[Date "2014.12.29"]
[Round "6.1"]
[White "Walk, Maximilian"]
[Black "Herrmann, Luca"]
[Result "1/2-1/2"]
[WhiteElo "1413"]
[BlackElo "1554"]
[PlyCount "64"]
[EventDate "2014.12.27"]
[EventType "team-swiss"]
[EventRounds "7"]
[EventCountry "GER"]
[SourceTitle "EXT 2016"]
[Source "ChessBase"]
[SourceDate "2015.10.08"]
[SourceVersion "1"]
[SourceVersionDate "2015.10.08"]
[SourceQuality "1"]
[WhiteTeam "Frankfurt TV"]
[BlackTeam "Muenchen Tarrasch"]
[WhiteTeamCountry "GER"]
[BlackTeamCountry "GER"]

1. e4 c5 2. Nf3 d6 3. d4 cxd4 4. Nxd4 Nf6 5. Nc3 g6 6. Be2 Bg7 7. 0-0 0-0 8. Bg5 Nc6 9. Nb3 a6 10. f4 b5 11. Bf3 Bb7 12. Nd5 Nd7 13. c3 Re8 14. Qd2 Nb6 15. Qf2 Nxd5 16. exd5 Na5 17. Nd4 Rc8 18. f5 h6 19. Bh4 g5 20. Bg3 Nc4 21. Be4 Bxd4 22. cxd4 f6 23. Qe2 Kg7 24. Rfe1 Qd7 25. Qh5 Rh8 26. Qg6+ Kf8 27. Re2 Qe8 28. Rae1 Qxg6 29. fxg6 Rg8 30. Bf5 Rc7 31. b3 Nb6 32. g7+ Rxg7 1/2-1/2

[Event "Hessen-ch U14"]
[Site "Bad Homburg"]
[Date "2014.04.16"]
[Round "4"]
[White "Walk, Maximilian"]
[Black "Reichelt, Florian"]
[Result "1-0"]
[WhiteElo "1370"]
[BlackElo "1505"]
[PlyCount "59"]
[EventDate "2014.04.??"]
[EventType "swiss"]
[EventRounds "7"]
[EventCountry "GER"]
[SourceTitle "EXT 2022"]
[Source "ChessBase"]
[SourceDate "2021.10.06"]
[SourceVersion "1"]
[SourceVersionDate "2021.10.06"]
[SourceQuality "1"]

1. e4 c5 2. Nf3 d6 3. d4 cxd4 4. Nxd4 a6 5. Nc3 e6 6. Be2 Nf6 7. 0-0 b5 8. a3 Bb7 9. Qd3 Nbd7 10. Qe3 Nc5 11. Bd3 Be7 12. Nb3 Nxb3 13. cxb3 0-0 14. Qg3 Re8 15. Bh6 g6 16. f4 Bf8 17. Bxf8 Kxf8 18. e5 Nh5 19. Qh3 dxe5 20. fxe5 Qd4+ 21. Kh1 Nf4 22. Qh6+ Kg8 23. Qxf4 Bxg2+ 24. Kxg2 Qxd3 25. Ne4 Rf8 26. Nf6+ Kg7 27. Ng4 Qc2+ 28. Rf2 Qf5 29. Qh6+ Kh8 30. Rxf5 1-0

[Event "Hessen-ch U14"]
[Site "Bad Homburg"]
[Date "2014.04.14"]
[Round "1"]
[White "Wachsmann, Dietmar"]
[Black "Walk, Maximilian"]
[Result "1-0"]
[WhiteElo "1764"]
[BlackElo "1370"]
[PlyCount "103"]
[EventDate "2014.04.??"]
[EventType "swiss"]
[EventRounds "7"]
[EventCountry "GER"]
[SourceTitle "EXT 2022"]
[Source "ChessBase"]
[SourceDate "2021.10.06"]
[SourceVersion "1"]
[SourceVersionDate "2021.10.06"]
[SourceQuality "1"]

1. e4 e5 2. Nf3 Nc6 3. Bb5 a6 4. Ba4 Nf6 5. 0-0 Be7 6. Re1 d6 7. c3 0-0 8. h3 b5 9. Bc2 Re8 10. d4 Bf8 11. Nbd2 Nb8 12. Nf1 Nbd7 13. Ng3 Bb7 14. Bg5 h6 15. Bd2 c5 16. d5 Qc7 17. Nh2 Nb6 18. b3 c4 19. Ng4 Nh7 20. Nf5 Bc8 21. Qf3 Bxf5 22. Qxf5 cxb3 23. axb3 Qd7 24. Qxd7 Nxd7 25. Ra2 Ra7 26. Rea1 Nb8 27. Bd3 Rb7 28. f4 g5 29. fxg5 hxg5 30. Bxg5 Nxg5 31. Nf6+ Kg7 32. Nxe8+ Kg6 33. Rf1 Be7 34. h4 Nh7 35. h5+ Kxh5 36. Ng7+ Kg6 37. Nf5 Ng5 38. Nxe7+ Rxe7 39. Raf2 Nd7 40. b4 Nb6 41. Rf6+ Kg7 42. Rxd6 Na4 43. Rf5 Nh7 44. c4 Nb2 45. Be2 bxc4 46. Rxa6 Rb7 47. Bh5 f6 48. Rf2 Nd3 49. Rd2 c3 50. Rxd3 Rc7 51. Rc6 Rxc6 52. dxc6 1-0

[Event "Hessen-ch U12"]
[Site "Bad Homburg"]
[Date "2012.??.??"]
[Round "3"]
[White "Nothnagel, Marian Can"]
[Black "Walk, Maximilian"]
[Result "1-0"]
[WhiteElo "1723"]
[BlackElo "1071"]
[PlyCount "55"]
[EventDate "2012.04.??"]
[EventType "swiss"]
[EventRounds "9"]
[EventCountry "GER"]
[SourceTitle "EXT 2015"]
[Source "ChessBase"]
[SourceDate "2014.11.20"]
[SourceVersion "1"]
[SourceVersionDate "2014.11.20"]
[SourceQuality "1"]

1. e4 e5 2. Nf3 Nc6 3. Bc4 Nf6 4. Nc3 Nxe4 5. Nxe4 d5 6. Bd3 dxe4 7. Bxe4 Bc5 8. d3 0-0 9. h4 Re8 10. Bd2 Bg4 11. Bxh7+ Kh8 12. Be4 f5 13. Bxc6 bxc6 14. Bg5 Qd5 15. c4 Bb4+ 16. Kf1 Qd7 17. a3 Bc5 18. Qd2 Rab8 19. b4 Bd4 20. Nxd4 exd4 21. h5 Be2+ 22. Kg1 Qe6 23. h6 Kg8 24. hxg7 Kxg7 25. Bh6+ Kf7 26. Re1 Re7 27. Bg5 Ree8 28. Rh6 1-0

[Event "Hessen-ch U12"]
[Site "Bad Homburg"]
[Date "2012.??.??"]
[Round "6"]
[White "Walk, Maximilian"]
[Black "Torgashov, Katerina"]
[Result "0-1"]
[WhiteElo "1071"]
[BlackElo "1168"]
[PlyCount "52"]
[EventDate "2012.04.??"]
[EventType "swiss"]
[EventRounds "9"]
[EventCountry "GER"]
[SourceTitle "EXT 2015"]
[Source "ChessBase"]
[SourceDate "2014.11.20"]
[SourceVersion "1"]
[SourceVersionDate "2014.11.20"]
[SourceQuality "1"]

1. e4 e5 2. Nf3 Nc6 3. Bc4 Bc5 4. c3 Nf6 5. d4 exd4 6. cxd4 Bb4+ 7. Nc3 Nxe4 8. 0-0 Nxc3 9. bxc3 Be7 10. d5 Na5 11. Bd3 d6 12. Re1 b6 13. Qe2 Bb7 14. c4 b5 15. Bg5 f6 16. Nd4 0-0 17. Ne6 Qd7 18. Nxf8 Bxf8 19. Bh4 bxc4 20. Bxc4 Nxc4 21. Qxc4 Kh8 22. Re6 Qf7 23. Rae1 Qh5 24. Qf4 Bxd5 25. R6e2 Rb8 26. Bg3 Qxe2 0-1